Trafficking of women and children in Latin America and the Caribbean: a review of international, regional an national legislative efforts to fight against this crime /
Spremljeno u:
| Glavni autor: | |
|---|---|
| Format: | Tekst |
| Teme: | |
| Oznake: |
Dodaj oznaku
Bez oznaka, Budi prvi tko označuje ovaj zapis!
|
MARC
| LEADER | 00000 a a2200000 04500 | ||
|---|---|---|---|
| 001 | 4581 | ||
| 003 | |||
| 040 | |||
| 100 | |a Rincón Eizaga, Lorena | ||
| 245 | |a Trafficking of women and children in Latin America and the Caribbean: |b a review of international, regional an national legislative efforts to fight against this crime / |c Lorena Rincón Eizaga | ||
| 650 | |a PROBLEMAS SOCIALES | ||
| 650 | |a TRAFICO | ||
| 650 | |a MUJERES | ||
| 650 | |a NIÑOS | ||
| 650 | |a DERECHOS HUMANOS | ||
| 650 | |a LEGISLACION | ||
| 650 | |a AMERICA LATINA | ||
| 773 | |g volumen 17, número 30; páginas 121-144 | ||
| 999 | |c 31169 |d 31169 | ||
